Top 10 Tour de France 2020s - Statistics

General Stats
  • This quiz has been taken 222 times
    39 since last reset
  • The average score is 26 of 38
Answer Stats
Rider % Correct
Jonas Vingegaard
100%
Tadej Pogačar
100%
Geraint Thomas
97%
Primož Roglič
94%
Richard Carapaz
91%
Adam Yates
88%
Florian Lipowitz
88%
Simon Yates
88%
Felix Gall
84%
Remco Evenepoel
84%
João Almeida
81%
Romain Bardet
78%
Ben Healy
75%
Aleksandr Vlasov
72%
Louis Meintjes
72%
Oscar Onley
72%
Richie Porte
72%
Carlos Rodríguez
69%
David Gaudu
69%
Derek Gee
69%
Enric Mas
69%
Alexey Lutsenko
66%
Guillaume Martin
66%
Ben O'Connor
63%
Mikel Landa
63%
Tobias Johannessen
63%
Tom Dumoulin
63%
Jai Hindley
53%
Kévin Vauquelin
53%
Matteo Jorgenson
53%
Miguel Ángel López
50%
Rigoberto Urán
50%
Jordan Jegat
44%
Damiano Caruso
41%
Santiago Buitrago
41%
Pello Bilbao
31%
Wilco Kelderman
31%
Valentin Madouas
25%
No matching quizzes found
Score Distribution
Percent of People with Each Score
Percentile by Number Answered
Your Score History
You have not taken this quiz since the last reset